000 00672nam a22002177a 4500
005 20251108172504.0
008 250721s2003 xx 000 0 ara d
082 1 4 _aم/340.03/بدو
100 1 _aبدوي، أحمد زكي
245 1 0 _aمعجم المصطلحات القانونية: فرنسي-إنجليزي-عربي /
250 _aط2
264 1 _aالقاهرة :
_bدار الكتاب المصري،
_c2003.
300 _a265ص
650 1 7 _aعلم المصطلح
650 1 7 _aعلم المعاجم
650 1 7 _aالقواميس
650 1 7 _aالعلومالقانونية
650 1 7 _aالتعريفات
942 _2ddc
_cREF
999 _c80662
_d80662